[Event "IECC Swiss email"]
[Site "IECC email"]
[Date "2001.07.10"]
[Round "?"]
[White "Berkley, Stephen W"]
[Black "Ocampo, Lorenzo D Jr"]
[Result "1-0"]
[WhiteElo "1704"]
[BlackElo "1270"]
[PlyCount "35"]
[EventDate "2001.??.??"]
[EventType "tourn (corr)"]
[EventRounds "6"]
[SourceTitle "Corr 2008"]
[Source "ChessBase"]
[SourceDate "2008.06.24"]
[SourceVersion "1"]
[SourceVersionDate "2008.06.24"]
[SourceQuality "1"]

1. e4 c5 2. Nf3 Nc6 3. d4 cxd4 4. Nxd4 Nf6 5. Nc3 a6 6. Bc4 e6 7. Bg5 Be7 8. Nxc6 bxc6 9. e5 Nd5 10. Bxe7 Nxe7 11. 0-0 0-0 12. Kh1 c5 13. Ne4 Qc7 14. Qd6 Qxd6 15. Nxd6 Nc6 16. f4 Na5 17. Bd3 Bb7 18. a3 1-0

[Event "IECC Swiss email"]
[Site "IECC email"]
[Date "2000.09.10"]
[Round "?"]
[White "Ocampo, Lorenzo D Jr"]
[Black "Bass, Stanley"]
[Result "0-1"]
[WhiteElo "1263"]
[BlackElo "1912"]
[PlyCount "38"]
[EventDate "2000.??.??"]
[EventType "tourn (corr)"]
[EventRounds "6"]
[SourceTitle "Corr 2008"]
[Source "ChessBase"]
[SourceDate "2008.06.24"]
[SourceVersion "1"]
[SourceVersionDate "2008.06.24"]
[SourceQuality "1"]

1. e4 c5 2. Nf3 Nc6 3. d4 cxd4 4. Nxd4 e5 5. Nb5 a6 6. Nd6+ Bxd6 7. Qxd6 Qf6 8. Qd2 Nge7 9. Bd3 d5 10. exd5 Nxd5 11. Be4 Nf4 12. Nc3 Bf5 13. 0-0 Bxe4 14. Nxe4 Qg6 15. Ng3 0-0 16. c3 Rfd8 17. Qe3 Rd7 18. Qf3 Rd3 19. Qe4 Nh3+ 0-1

[Event "IECG QN.2000.0.00139"]
[Site "IECG email"]
[Date "2000.09.09"]
[Round "?"]
[White "Zub, Dmitry"]
[Black "Ocampo, Lorenzo D Jr"]
[Result "0-1"]
[WhiteElo "798"]
[BlackElo "813"]
[PlyCount "83"]
[EventDate "2000.09.09"]
[EventType "tourn (corr)"]
[EventRounds "6"]
[SourceTitle "Corr 2008"]
[Source "ChessBase"]
[SourceDate "2008.06.24"]
[SourceVersion "1"]
[SourceVersionDate "2008.06.24"]
[SourceQuality "1"]

1. e4 c5 2. Nf3 d6 3. Nc3 Bg4 4. Be2 Nf6 5. d3 Nc6 6. 0-0 g6 7. Be3 Bg7 8. Rb1 0-0 9. d4 cxd4 10. Nxd4 Bxe2 11. Qxe2 Nxd4 12. Bxd4 a6 13. e5 dxe5 14. Bxe5 Qa5 15. h3 Rfe8 16. Ne4 Qxa2 17. Ra1 Qe6 18. Nc5 Qd5 19. Nd3 Qc4 20. Rfe1 Nd5 21. Bxg7 Kxg7 22. Qd1 Rad8 23. c3 Nxc3 24. bxc3 Rxd3 25. Qa4 Qxa4 26. Rxa4 Rxc3 27. Rb4 b5 28. Rb2 e6 29. Ra2 Ra8 30. Rd1 b4 31. Rb2 a5 32. Rdb1 Rac8 33. Kh2 Rc1 34. Rxc1 Rxc1 35. Kg3 Rc4 36. Ra2 Rc3+ 37. Kh2 Ra3 38. Rb2 b3 39. Rd2 a4 40. Kg3 Ra2 41. Rd4 a3 42. Rd3 0-1

[Event "IECC CL6-2000.16"]
[Site "IECC email"]
[Date "2000.04.28"]
[Round "?"]
[White "Ocampo, Lorenzo D Jr"]
[Black "Petters, Paul"]
[Result "1/2-1/2"]
[WhiteElo "1346"]
[BlackElo "1223"]
[PlyCount "33"]
[EventDate "2000.??.??"]
[EventType "tourn (corr)"]
[EventRounds "4"]
[SourceTitle "Corr 2008"]
[Source "ChessBase"]
[SourceDate "2008.06.24"]
[SourceVersion "1"]
[SourceVersionDate "2008.06.24"]
[SourceQuality "1"]

1. e4 c5 2. Nf3 d6 3. d4 cxd4 4. Nxd4 Nf6 5. Nc3 a6 6. f3 e6 7. Be3 b5 8. Bd3 Bb7 9. 0-0 Nbd7 10. Bg5 Qb6 11. Be3 d5 12. Bf2 Bc5 13. Nb3 Bxf2+ 14. Rxf2 0-0 15. exd5 Nxd5 16. Nxd5 Bxd5 17. c3 1/2-1/2

[Event "IECC CL5-2000.11"]
[Site "IECC email"]
[Date "2000.02.21"]
[Round "?"]
[White "Ocampo, Lorenzo D Jr"]
[Black "Magalhaes, Joao Flavio"]
[Result "0-1"]
[WhiteElo "1402"]
[BlackElo "1445"]
[PlyCount "20"]
[EventDate "2000.??.??"]
[EventType "tourn (corr)"]
[EventRounds "4"]
[SourceTitle "Corr 2008"]
[Source "ChessBase"]
[SourceDate "2008.06.24"]
[SourceVersion "1"]
[SourceVersionDate "2008.06.24"]
[SourceQuality "1"]

1. d4 d5 2. c4 e6 3. Nc3 Nf6 4. Bg5 Be7 5. e3 Nbd7 6. cxd5 Nxd5 7. Bxe7 Qxe7 8. g3 b6 9. Bg2 Bb7 10. Qc2 Nb4 0-1

[Event "IECC P email"]
[Site "IECC email"]
[Date "1999.08.26"]
[Round "?"]
[White "Ocampo, Lorenzo D Jr"]
[Black "Zbiljic, Nikola"]
[Result "0-1"]
[WhiteElo "1400"]
[BlackElo "1700"]
[PlyCount "24"]
[EventDate "1999.??.??"]
[EventType "tourn (corr)"]
[EventRounds "6"]
[SourceTitle "Corr 2008"]
[Source "ChessBase"]
[SourceDate "2008.06.24"]
[SourceVersion "1"]
[SourceVersionDate "2008.06.24"]
[SourceQuality "1"]

1. e4 e5 2. f4 exf4 3. Nf3 Be7 4. d4 Bh4+ 5. Nxh4 Qxh4+ 6. Ke2 d5 7. Qe1 Bg4+ 8. Kd2 Qf6 9. exd5+ Ne7 10. Qf2 Nxd5 11. c4 Ne3 12. Kd3 Qf5+ 0-1

[Event "IECG QN.1999.0.00061"]
[Site "IECG email"]
[Date "1999.05.22"]
[Round "?"]
[White "Munro, Douglas"]
[Black "Ocampo, Lorenzo D Jr"]
[Result "1-0"]
[WhiteElo "800"]
[BlackElo "800"]
[PlyCount "63"]
[EventDate "1999.05.22"]
[EventType "tourn (corr)"]
[EventRounds "6"]
[SourceTitle "Corr 2008"]
[Source "ChessBase"]
[SourceDate "2008.06.24"]
[SourceVersion "1"]
[SourceVersionDate "2008.06.24"]
[SourceQuality "1"]

1. e4 c5 2. d4 e6 3. d5 exd5 4. exd5 d6 5. Qf3 Nf6 6. Nc3 g6 7. Bg5 Bg7 8. Ne4 Nbd7 9. Nxd6+ Kf8 10. Bc4 Qe7+ 11. Ne2 Qxd6 12. 0-0 Ne5 13. Qf4 Nxc4 14. Qxc4 Qxd5 15. Qf4 Nh5 16. Qe3 Bxb2 17. Bh6+ Bg7 18. Rad1 Qe6 19. Qxc5+ Ke8 20. Nd4 Qb6 21. Rfe1+ Be6 22. Nxe6 Qxc5 23. Nxc5+ Kf8 24. Bc1 b6 25. Nd7+ Kg8 26. Re7 Bf6 27. Nxf6+ Nxf6 28. Bb2 Nh5 29. Rdd7 f5 30. f3 Rc8 31. g4 fxg4 32. fxg4 1-0